Law concerning carriage of goods by sea : 1996.
| Format: | Book |
|---|---|
| Published: |
Tokyo:
Eibun-Horei-Sha,
1996.
|
| Series: | EHS Law Bulletin Series
|
| Subjects: |
| LEADER | 00540cam a2200181 7i4500 | ||
|---|---|---|---|
| 001 | 0000007101 | ||
| 005 | 19991025090000.0 | ||
| 002 | ##000008839 | ||
| 020 | 0 | 0 | |a T000006656 |
| 090 | 0 | 0 | |a JAPN 340 |b LAW |
| 245 | 0 | 0 | |a Law concerning carriage of goods by sea : |b 1996. |
| 260 | 0 | 0 | |a Tokyo: |b Eibun-Horei-Sha, |c 1996. |
| 300 | 0 | 0 | |a 14 p.. |
| 440 | 0 | 0 | |a EHS Law Bulletin Series |
| 500 | 0 | 0 | |a Library has law fo. 172, June 13, 1957 |
| 650 | 0 | 0 | |a Japan -- |x Law and legislation |
| 651 | 0 | 0 | |a Japan |
| 999 | |a 0000009873 |b Book |c Open shelf |e Business Information Centre | ||